MotoGP - Tous les pilotes Yamaha Officiel (2002-2026) - Statistiques

Statistiques générales
  • Ce quiz a été pris 21 fois
  • Le résultat moyen est 44 sur 58
Statistiques - réponses
Année Pilote % Correct
2024 Alex Rins
100%
2025 Alex Rins
100%
2026 Alex Rins
100%
2021 Fabio Quartararo
100%
2022 Fabio Quartararo
100%
2023 Fabio Quartararo
100%
2024 Fabio Quartararo
100%
2025 Fabio Quartararo
100%
2026 Fabio Quartararo
100%
2008 Jorge Lorenzo
95%
2009 Jorge Lorenzo
95%
2010 Jorge Lorenzo
95%
2011 Jorge Lorenzo
95%
2012 Jorge Lorenzo
95%
2013 Jorge Lorenzo
95%
2014 Jorge Lorenzo
95%
2015 Jorge Lorenzo
95%
2016 Jorge Lorenzo
95%
2004 Valentino Rossi
95%
2005 Valentino Rossi
95%
2006 Valentino Rossi
95%
2007 Valentino Rossi
95%
2008 Valentino Rossi
95%
2009 Valentino Rossi
95%
2010 Valentino Rossi
95%
2013 Valentino Rossi
95%
2014 Valentino Rossi
95%
2015 Valentino Rossi
95%
2016 Valentino Rossi
95%
2017 Valentino Rossi
95%
2018 Valentino Rossi
95%
2019 Valentino Rossi
95%
2020 Valentino Rossi
95%
2021 Franco Morbidelli
90%
2022 Franco Morbidelli
90%
2023 Franco Morbidelli
90%
2017 Maverick Vinales
90%
2018 Maverick Vinales
90%
2019 Maverick Vinales
90%
2020 Maverick Vinales
90%
2021 Maverick Vinales
90%
2002 Max Biaggi
62%
2021 Cal Crutchlow
52%
2011 Ben Spies
48%
2012 Ben Spies
48%
2005 Colin Edwards
38%
2006 Colin Edwards
38%
2007 Colin Edwards
38%
2002 Carlos Checa
24%
2003 Carlos Checa
24%
2004 Carlos Checa
24%
2011 Katsuyuki Nakasuga
19%
2012 Katsuyuki Nakasuga
19%
2003 Marco Melandri
19%
2020 Garrett Gerloff
14%
2024 Remy Gardner
14%
2003 Norifumi Abe
5%
2010 Wataru Yoshikawa
0%
Aucun quiz correspondant
Distribution des résultats
% des personnes avec chaque résultat
Percentile par nombre de réponses
Votre historique - résultats
Vous n’avez pas pris ce quiz